Noms de familles les plus répandus au Québec / Most widespread family names in Quebec - Statistiques

Statistiques générales
  • Ce quiz a été pris 5 410 fois
  • Le résultat moyen est 32 sur 100
Statistiques - réponses
Hint Réponse % Correct
1 1,1% Tremblay
88%
2 0,8% Gagnon
64%
3 0,8% Roy
58%
4 0,7% Côté
56%
5 0,5% Bouchard
55%
10 0,4% Gagné
54%
61 0,2% Dion
51%
34 0,3% Martin
50%
14 0,4% Lévesque
46%
6 0,5% Gauthier
45%
7 0,5% Morin
45%
9 0,4% Fortin
44%
41 0,2% Richard
44%
20 0,3% Boucher
43%
13 0,4% Bélanger
42%
19 0,4% Simard
42%
8 0,5% Lavoie
41%
16 0,4% Leblanc
41%
12 0,4% Pelletier
41%
23 0,3% Cloutier
38%
18 0,4% Girard
38%
99 0,1% Jean
38%
15 0,4% Bergeron
37%
27 0,3% Lapointe
37%
11 0,4% Ouellet
37%
72 0,2% Dubois
36%
21 0,3% Caron
34%
44 0,2% Desjardins
34%
24 0,3% Dubé
34%
28 0,3% Leclerc
34%
51 0,2% Savard
34%
32 0,3% St-Pierre
34%
22 0,3% Beaulieu
32%
17 0,4% Paquette
32%
86 0,2% Robert
32%
75 0,2% Fortier
31%
35 0,3% Landry
31%
57 0,2% Lemieux
31%
31 0,3% Thibault
31%
46 0,2% Turcotte
31%
26 0,3% Fournier
30%
33 0,3% Nadeau
30%
59 0,2% Perron
30%
69 0,2% Plante
30%
81 0,2% Villeneuve
30%
77 0,2% Dupuis
29%
43 0,2% Hébert
29%
29 0,3% Lefebvre
29%
36 0,3% Martel
29%
48 0,2% Parent
29%
25 0,3% Poirier
29%
90 0,2% Guay
28%
80 0,2% Houle
28%
30 0,3% Poulin
28%
52 0,2% Proulx
28%
87 0,2% Allard
27%
76 0,2% Arsenault
27%
37 0,3% Bédard
27%
40 0,2% Bernier
27%
45 0,2% Couture
27%
58 0,2% Cyr
27%
79 0,2% Hamel
27%
85 0,2% Lemay
27%
62 0,2% Mercier
27%
68 0,2% Therrien
27%
64 0,2% Bérubé
25%
49 0,2% Blais
25%
60 0,2% Dufour
25%
42 0,2% Michaud
25%
82 0,2% Rousseau
25%
96 0,2% Vachon
25%
53 0,2% Beaudoin
24%
92 0,2% Boivin
24%
73 0,2% Champagne
24%
93 0,2% Charbonneau
24%
54 0,2% Demers
24%
38 0,2% Grenier
24%
47 0,2% Lachance
24%
55 0,2% Perreault
24%
95 0,2% Raymond
24%
56 0,2% Boudreau
23%
88 0,2% Deschênes
23%
98 0,1% Audet
22%
91 0,2% Leduc
22%
67 0,2% Ménard
22%
70 0,2% Bilodeau
21%
65 0,2% Boisvert
21%
63 0,2% Bolduc
21%
97 0,1% Gilbert
21%
89 0,2% Giroux
21%
83 0,2% Gravel
21%
94 0,2% Lambert
21%
66 0,2% Langlois
21%
100 0,1% Larouche
21%
39 0,2% Lessard
21%
84 0,2% Thériault
21%
71 0,2% Blanchette
20%
78 0,2% Gaudreault
20%
50 0,2% Gosselin
19%
74 0,2% Paradis
19%
Aucun quiz correspondant
Distribution des résultats
% des personnes avec chaque résultat
Percentile par nombre de réponses
Votre historique - résultats
Vous n’avez pas pris ce quiz